|
|
|
|
| LEADER |
01614nam a2200313 u 4500 |
| 001 |
10088193 |
| 003 |
upatras |
| 005 |
20210117202701.0 |
| 008 |
101203s2005 us eng |
| 020 |
|
|
|a 1591580870
|
| 040 |
|
|
|e GR-PaULI
|
| 041 |
0 |
|
|a eng
|
| 082 |
0 |
4 |
|a 823.087209
|
| 100 |
1 |
|
|a Burgess, Michael
|9 91052
|
| 245 |
1 |
0 |
|a Murder in retrospect
|b a selective guide to historical mystery fiction
|c Michael Burgess and Jill H. Vassilakos
|
| 260 |
|
|
|a Westport, Connecticut
|b Libraries Unlimited
|c c2005
|
| 300 |
|
|
|a xi, 410 p.
|c 24 cm.
|
| 504 |
|
|
|a Includes bibliographical references and indexes.
|
| 650 |
|
4 |
|a Ιστορικό μυθιστόρημα, Αγγλικό
|x Εγχειρίδια, κλπ.
|9 91053
|
| 650 |
|
4 |
|a Ιστορικό μυθιστόρημα, Αγγλικό
|x Βιβλιογραφία
|9 91054
|
| 650 |
|
4 |
|a Ιστορικό μυθιστόρημα
|x Αμερικάνικο
|x Εγχειρίδια, κλπ.
|9 91055
|
| 650 |
|
4 |
|a Ιστορίες τρόμου, αγγλικές
|x Βιβλιογραφία
|9 91056
|
| 650 |
|
4 |
|a Ιστορίες τρόμου, Αμερικάνικες
|x Βιβλιογραφία
|9 91057
|
| 700 |
1 |
|
|a Vassilakow, Jill H.
|9 91058
|
| 852 |
|
|
|a GR-PaULI
|b ΠΑΤΡΑ
|b ΦΙΛΟΛΟΓΙΑ
|k ΔΑΝΕΙΖ-6
|h 823.087209 BUR
|m 12214
|p 025000195585
|t 1
|
| 942 |
|
|
|2 ddc
|
| 952 |
|
|
|0 0
|1 0
|2 ddc
|4 0
|6 823_087209000000000_BUR
|7 0
|9 94965
|a LISP
|b LISP
|c BSC
|d 2016-04-24
|i 12214
|l 1
|o 823.087209 BUR
|p 025000195585
|r 2019-10-02 00:00:00
|s 2019-10-02
|t 1
|w 2016-04-24
|y BK15
|x Μεταφορά Τμήματος Φιλολογίας
|
| 998 |
|
|
|c ΑΝΔΡΙΚΟΠΟΥΛΟΥ
|d 2010-12
|
| 999 |
|
|
|c 63933
|d 63933
|